00571 2200217 4500001002100000005001500021035002000036245005200056100001600108250001100124300002800135700002800163260002700191082001200218084001800230020002200248650002000270008004100290990001100331990001100342INLIS00000000000177920241209020505 a0010-12240000321 aJika Nanti Kamu Jatuh Cinta Lagi /cAlfialghazi0 aAlfialghazi acet. 2 aiii, 217 hlm ;c20,5 cm0 aMuhammad Taufik Hidayat aDepok :bSahima,c2023 a297.261 a297.261 ALF j a978-623-5889-18-4 4aPsikologi Islam241209 0  a003701 a003702